[Event "SLO-chT"]
[Site "Bled"]
[Date "2005.11.05"]
[Round "3"]
[White "Alandzak, Nikola"]
[Black "Rozman, Maks"]
[Result "0-1"]
[WhiteElo "1695"]
[BlackElo "2131"]
[PlyCount "100"]
[EventDate "2005.11.03"]
[EventType "team"]
[EventRounds "9"]
[EventCountry "SLO"]
[SourceTitle "CBM 109 Extra"]
[Source "ChessBase"]
[SourceDate "2006.01.03"]
[SourceVersion "2"]
[SourceVersionDate "2006.01.03"]
[SourceQuality "1"]

1. e4 c5 2. Nc3 e5 3. g3 g6 4. Bg2 Bg7 5. Nge2 Ne7 6. d3 0-0 7. Be3 d6 8. Qd2 Be6 9. 0-0 Nbc6 10. f4 Nd4 11. Nd1 Bg4 12. Nc1 Qd7 13. c3 Ndc6 14. Nf2 Be6 15. Nb3 f5 16. fxe5 Nxe5 17. h3 fxe4 18. dxe4 N7c6 19. Bf4 Nc4 20. Qc2 N6e5 21. Rad1 Qe7 22. Nd3 Rad8 23. Qc1 Nxd3 24. Rxd3 Ne5 25. Rdd1 Bc4 26. Bg5 Bf6 27. Bxf6 Rxf6 28. Rxf6 Qxf6 29. Qe3 Bxb3 30. axb3 Qe6 31. c4 Rf8 32. Kh2 Kg7 33. Rf1 Rxf1 34. Bxf1 Nc6 35. h4 Qe5 36. Qe2 Nd4 37. Qd3 Qf6 38. Bg2 Qf2 39. Qc3 b6 40. b4 cxb4 41. Qxb4 Nf3+ 42. Kh3 Ne1 43. Bh1 Qf1+ 44. Kh2 Qe2+ 45. Kh3 Nd3 46. Qc3+ Kg8 47. Bg2 Nf2+ 48. Kh2 Ng4+ 49. Kh3 Ne3 50. Kh2 Qxg2# 0-1